000 00331nam a2200133Ia 4500
008 100328s9999 xx 000 0 und d
082 _b19154
100 _aनांगरे बलराम
245 _aअंतर
260 _bग.रा.पाठक
630 _aअंतर
730 _aअंतर
942 _cBOOK
999 _c513493
_d513490